| 000 | 01032nam a2200241 a 4500 | ||
|---|---|---|---|
| 001 | 000049175 | ||
| 005 | 20240705073647.0 | ||
| 008 | 190725s1993 pr r 000 0 spa d | ||
| 020 | _a0847702006 | ||
| 040 |
_aDO-SdBNP _bspa _cBNPHU |
||
| 082 |
_a305.42 _bH831e |
||
| 100 | 1 |
_aHostos, Eugenio María de, _d1839-1903 _91352 |
|
| 245 | 1 | 3 |
_aLa educación científica de la mujer / _cEugenio María de Hostos ; introducción, selección y notas Gabriela Mora. |
| 260 |
_aRío Piedras, Puerto Rico : _bInstituto de Estudios Hostonianos, _c1993. |
||
| 300 |
_a113 p. ; _c23 cm. |
||
| 500 | _aIncluye referencias bibliográficas y notas al pie de las páginas | ||
| 590 | _aInventariado, 2019/BT | ||
| 650 | 4 |
_aEducación de la mujer _xEnsayos, conferencias, etc. _934957 |
|
| 650 | 4 |
_aDiscriminación sexual en educación _xEnsayos, conferencias, etc. _934958 |
|
| 650 | 4 |
_aMujeres _xCuestiones sociales y morales _911704 |
|
| 650 | 4 |
_aDerechos de la mujer _xEnsayos, conferencias, etc. _934959 |
|
| 700 | 1 |
_aMora, Gabriela, _eintr. _976500 |
|
| 999 |
_c48663 _d48663 |
||